000 005350000a22001210004500
773 0 _tEl eafitense
100 1 _aAbad Restrepo, Ana Cristina
245 1 0 _aDoctores en Colombia: muchos con el rótulo social, pocos con el título académico
300 _aVol.0, núm.91 (2007), Páginas 6-9
500 _a- Colombia: estado actual de los doctorados - La investigación debe permear todo el sistema de un país - Relación academia y sector productivo - Generar conocimiento e innovación
650 1 4 _aEDUCACIÓN SUPERIOR
942 _cANA
999 _c62824
_d62824